Condición de actividad y posición ocupacional de la mujer, y características socioeconómicas de la familia en México (Registro nro. 26724)
[ vista simple ]
| 000 -LEADER | |
|---|---|
| fixed length control field | 00444 a2200121 4500 |
| 001 - CONTROL NUMBER | |
| control field | ART_13540 |
| 005 - DATE AND TIME OF LATEST TRANSACTION | |
| control field | 20260410161910.0 |
| 008 - FIXED-LENGTH DATA ELEMENTS--GENERAL INFORMATION | |
| fixed length control field | 260409a |
| 100 1# - MAIN ENTRY--PERSONAL NAME | |
| Personal name | Lustig, Nora |
| 245 10 - TITLE STATEMENT | |
| Title | Condición de actividad y posición ocupacional de la mujer, y características socioeconómicas de la familia en México |
| 700 1# - ADDED ENTRY--PERSONAL NAME | |
| Personal name | Rendón, Teresa |
| 773 0# - HOST ITEM ENTRY | |
| Title | Demografía y economía |
| Related parts | - Vol. XII, Nº 34 (ene./abr.1978) |
| Record control number | REV13200 |
No hay ítems disponibles.